01159nac a22002411u 4500010001600000020001500016035002000031082001300051090001500064100003400079245011300113260012300226300002900349500026600378500002600644511002800670650003600698650002600734710002600760942001500786999001500801952010100816 a 94116889 a0727716670 a(OCoLC)2743050000a627bBAR c7378d7378 aBarr, D. I. H. 10aAdditional tables for the hydraulic design of pipes, sewers, and channels /cD.I.H. Barr and HR Wallingford. aLondon :bThomas Telford ;aNew York, NY :bAmerican Society of Civil Engineers [distributor for USA],c.1993.cc.1993. a229 p. :bill. ;c31 cm. a"To be used in conjunction with the existing HR Wallingford Tables for the hydraulic design of pipes and sewers (3rd, 4th or 5th editions). It is intended that the two sets of tables will be amalgamated to form the 6th edition of the Wallingford Tables."--Pref. aDistrbuter: Al-Ahram. aCatalogued By: Mahitab. 0aDrainage pipesxDesignxTables. 0aSewer designxTables.2 aHR Wallingford (Firm) cBBk627BAR c7378d7378 00104070aMAINbMAINc1STd2008-01-23ePurchasel0o627BARp000008712r2025-07-15 00:00:00yBB